| 000 | 00689nam a2200229 a 4500 | ||
|---|---|---|---|
| 001 | BRL_202 | ||
| 005 | 20190320210631.0 | ||
| 008 | 840315s1978####mx-a#####b---f010-0#spa-# | ||
| 020 | _a9688220000 | ||
| 040 |
_aDLC _cDLC _dDLC |
||
| 050 | 4 |
_aF1219.3.G6 _b.I54 1978 |
|
| 245 | 1 | 0 |
_aINI, 30 años después _brevisión crítica. |
| 260 |
_aMéxico _bLibros de México _c1978 |
||
| 300 |
_a400 p. _bil. _c28 cm. |
||
| 500 | _aAu219 | ||
| 610 | 2 | 4 |
_aInstituto Nacional Indigenista (México) _923210 |
| 650 | 1 | 4 |
_aIndígenas de México _94678 |
| 650 | 1 | 4 |
_aIndígenas de México _xCondiciones sociales _923211 |
| 710 | 2 |
_aInstituto Nacional Indigenista _923212 |
|
| 902 | _aGRL | ||
| 942 |
_2lcc _cB |
||
| 999 |
_c9015 _d9015 |
||